000 00395ntaaa2200169 4500
003 01
005 20251027202810.0
008 0714s1973 ag 01
040 _aAR-BaBN
_bspa
_cAR-BaBN
_eaacr
_dRIC
082 _a880.0000 W67
245 _aLucian's dialogues
250 _a1 ed.
260 _aNew York :
_bHinds and Noble,
_cs.f.
300 _a167 p
500 _aLiteratura griega
942 _cBK
999 _c23351
_d23351